| 000 | 00545nam a22001817a 4500 | ||
|---|---|---|---|
| 003 | OSt | ||
| 005 | 20250226100834.0 | ||
| 008 | 250226b |||||||| |||| 00| 0 eng d | ||
| 020 | _a9966446761 | ||
| 040 | _cChuka University Library | ||
| 050 |
_aREF PL 8702 _b.W55 2006 |
||
| 100 |
_aWilson,P.M _918465 |
||
| 245 | _aLE Swahili Simplifie' | ||
| 260 |
_aNairobi _bK.L.B _c2006 |
||
| 300 | _a617P. | ||
| 650 |
_aSwahili language ---textbooks for foreign speakers ---french 2.Swahili language ---french translations _918466 |
||
| 942 |
_2lcc _cBK _n0 |
||
| 999 |
_c18663 _d18663 |
||